000 00690nam a22001697a 4500
003 OSt
005 20260129060035.0
008 260129b |||||||| |||| 00| 0 eng d
040 _aSEKU
050 _aTJ 163.5
_b.M37
100 _aMasila, Muloo Samson
245 _aAdoption of energy -conservation technologies by peri urban and rural households in selected areas of Makueni and Machakos Counties,Kenya /a thesis submitted in partial fulfillment of the requirement for the degree of Doctor of Philosophy in Environmental Management of South Eastern Kenya University
260 _aSEKU:
_bSEKU.
_c2015
300 _a187p.:
650 _aEnergy
_vConservation
_xHousehold
942 _2lcc
_cTHE
999 _c18750
_d18750